| 000 | 00621nam a22001457a 4500 | ||
|---|---|---|---|
| 020 | _a978-81-8266-943-9 | ||
| 082 |
_a894.812.3 _bPUT/D |
||
| 100 | _aPUTHUR, UNNIKRISHNAN | ||
| 245 | _aDHARMMACHAKRAM | ||
| 260 |
_aKOZHIKODE _bMATHRUBHUMI BOOKS _c2002 |
||
| 300 | _a271 | ||
| 520 | _aA woman is abandoned by her husband and ends up taking care of her only son, who goes on to become a good lawyer. The son promises his mother that he will teach a lesson to his cruel father. A woman is abandoned by her husband and ends up taking care of her only son, who goes on to become a good lawyer. | ||
| 650 | _aNOVEL | ||
| 942 | _cBK | ||
| 999 |
_c5045 _d5045 |
||